Slovenské učené tovarišstvo - 1792

Zobrazenie: Na bielom podklade textové informácie červeným, čiernym a modrým písmom. V dolnej časti modrou linkou znázornené hranice slovenska, v hornej časti po stranách podobizeň A. Bernoláka a J. Fándlyho v červenej farbe.

Bibliographic Details
Format: Photo
Language:Slovak
PhysicalDescription:1 plagát farebný 63 x 43 cm
Published: [Slovensko?] [vydavateľ neznámy?] 2001
Subjects:

MARC

LEADER 00000nkm a2200000 4500
001 vtls011920143
003 SK-MaSNL
005 20260302060631.0
007 kf co
008 240409q1987 xo g 00 k|slo
015 |a SNBG1987 
035 |a urn:nbn:sk:snk-km00ebxj 
035 |a urn:nbn:sk:snk-km43f8o 
035 |a 5FF90813-C9AF-4A42-8EED-D720D75B5F2A 
040 |a SNK  |b slo  |c SNK  |e rda 
041 0 |a slo 
044 |a xo  |c SK 
072 7 |a 82  |x Literatúra. Literárny život  |2 konspekt 
080 |a 82  |2 2011 
080 |a (084.5)  |2 2011 
245 0 0 |a Slovenské učené tovarišstvo - 1792  |h grafika 
264 1 |a [Slovensko?]  |b [vydavateľ neznámy?]  |c 2001 
300 |a 1 plagát  |b farebný  |c 63 x 43 cm 
336 |a statický obraz  |b sti  |2 rdacontent 
336 |a text  |b txt  |2 rdacontent 
337 |a bez média  |b n  |2 rdamedia 
338 |a list  |b nc  |2 rdacarrier 
500 |a Dátum vydania určený na základe informácie na plagáte 
520 |a Zobrazenie: Na bielom podklade textové informácie červeným, čiernym a modrým písmom. V dolnej časti modrou linkou znázornené hranice slovenska, v hornej časti po stranách podobizeň A. Bernoláka a J. Fándlyho v červenej farbe. 
655 7 |a plagáty  |2 SNKPH  |9 70571 
852 |a Slovenská národná knižnica v Martine 
958 |a CP 
958 |a TL 
999 |c 1122000  |d 1123930 
952 |a SNKLM  |b SNKLM  |y PREZ  |7 0  |p 17A1406385  |o snklm L 3056 D1  |i snklm 53/2001/1  |0 0  |1 0  |4 0  |d 2020-02-26  |f 1  |l 0  |r 2026-02-24 18:34:46  |w 2026-02-24